000 00478nam a2200193Ia 4500
003 GCL
008 140319s9999 xx 000 0 eng d
040 _aGCL /
_cGCL
082 0 4 _a843
_bL F
100 1 _aLABRO, PHILIPPE
245 1 0 _aDES FEUX MALETEINTS /
_cLABRO, PHILIPPE
260 _a[S.N] :
_bGALLIMARD ،
_c1967
300 _a375 P
490 _aCOLLECTION FOLIO
_v0
650 0 4 _aLITERATURE
650 0 4 _aFICTION
650 0 4 _aFRENCH LITERATURE
942 _2ddc
_cBK
999 _c24672
_d24672